[Event "Int. Stuttgarter Stadtmeisterschaft A"]
[Site "Ditzingen"]
[Date "2013.05.09"]
[Round "2.31"]
[White "Gabriel, Josef"]
[Black "Dimitriadis, Pavlos"]
[Result "1/2-1/2"]
[WhiteElo "2123"]
[BlackElo "1871"]
[PlyCount "104"]
[EventDate "2013.??.??"]
[WhiteTeam "Stuttgarter SF 1879"]
[BlackTeam "SV Reutlingen"]

1. e4 c5 2. Nf3 a6 3. c3 e6 4. d3 Nc6 5. g3 d5 6. Nbd2 Nf6 7. Bg2 Be7 8. O-O
O-O 9. Re1 b5 10. h4 Bb7 11. e5 Nd7 12. Nf1 Re8 13. N1h2 Nf8 14. Ng4 f5 15.
exf6 Bxf6 16. d4 cxd4 17. cxd4 Rc8 18. a3 Qe7 19. Nfe5 Bxe5 20. Nxe5 Nxe5 21.
Rxe5 Qf7 22. Bd2 Nd7 23. Re3 e5 24. Bh3 Rcd8 25. Rf3 Nf6 26. Bg5 e4 27. Rf4 Rd6
28. Rc1 h6 29. Bxf6 Rxf6 30. Rxf6 Qxf6 31. Rc7 Re7 32. Qc2 Qf7 33. Rc3 Qf6 34.
Qd2 Qd6 35. b4 Rc7 36. Rc5 Re7 37. Qe3 Rf7 38. Bg4 Bc6 39. Bd1 Kh8 40. Bh5 Re7
41. Kf1 Qe6 42. Qf4 e3 43. fxe3 Bd7 44. Ke2 Kh7 45. Kd2 Qh3 46. Be2 Qg2 47. Rc7
Bg4 48. Qxg4 Rxc7 49. Qf5+ g6 50. Qf4 Rc2+ 51. Kxc2 Qxe2+ 52. Kc3 Qe1+ 1/2-1/2

[Event "Int. Stuttgarter Stadtmeisterschaft A"]
[Site "Ditzingen"]
[Date "2013.05.09"]
[Round "2.32"]
[White "Zeller, Elisa"]
[Black "Hoeschele, Hans-Ulrich"]
[Result "1-0"]
[WhiteElo "1896"]
[BlackElo "2115"]
[PlyCount "75"]
[EventDate "2013.??.??"]
[WhiteTeam "SF Deizisau"]
[BlackTeam "Stuttgarter SF 1879"]

1. e4 e5 2. Nf3 d6 3. Bc4 Be7 4. d4 exd4 5. Nxd4 Nf6 6. Nc3 O-O 7. O-O c6 8.
Bb3 Na6 9. Re1 Nc5 10. Bc4 Qc7 11. b4 Ncd7 12. Bb3 a5 13. bxa5 Rxa5 14. Bd2 Ra8
15. Nf5 Nc5 16. Nxe7+ Qxe7 17. Bf4 Rd8 18. Qe2 Bg4 19. f3 Be6 20. Rad1 Bxb3 21.
cxb3 Ne6 22. Be3 Ra6 23. b4 Ra3 24. Rd3 Rda8 25. Red1 Ne8 26. Qb2 Qf6 27. Qc1
Qh4 28. g3 Qh5 29. g4 Qh3 30. Bf2 g5 31. Bg3 Qh6 32. h4 Qg7 33. h5 d5 34. exd5
cxd5 35. Nxd5 Rxd3 36. Rxd3 Rxa2 37. h6 Ra1 38. Ne7+ 1-0

[Event "Int. Stuttgarter Stadtmeisterschaft A"]
[Site "Ditzingen"]
[Date "2013.05.09"]
[Round "2.33"]
[White "Bissbort, Julian"]
[Black "Novak, Josua"]
[Result "1-0"]
[WhiteElo "2034"]
[BlackElo "1922"]
[PlyCount "57"]
[EventDate "2013.??.??"]
[WhiteTeam "Heilbronner SV"]
[BlackTeam "TSV Münchingen"]

1. e4 c5 2. c3 g6 3. d4 cxd4 4. cxd4 d5 5. exd5 Nf6 6. Nc3 Nxd5 7. Nf3 Bg7 8.
Bc4 Nb6 9. Bb3 Nc6 10. Be3 O-O 11. h3 Na5 12. Bc2 Nbc4 13. Bc1 Qc7 14. O-O b6
15. Bd3 Rd8 16. b4 Nb7 17. Qe2 Ne5 18. Nxe5 Qxc3 19. Bb2 Qc7 20. Rac1 Qd6 21.
Nc6 Re8 22. Be4 Be6 23. Bc3 Kf8 24. b5 Bd5 25. Rfe1 Bf6 26. Bb4 Qe6 27. Qf3
Bxe4 28. Rxe4 Qd7 29. Qxf6 1-0

[Event "Int. Stuttgarter Stadtmeisterschaft A"]
[Site "Ditzingen"]
[Date "2013.05.09"]
[Round "2.34"]
[White "Schmidt, Markus"]
[Black "Jurasin, Marin"]
[Result "0-1"]
[WhiteElo "1894"]
[BlackElo "2034"]
[PlyCount "58"]
[EventDate "2013.??.??"]
[WhiteTeam "Stuttgarter SF 1879"]
[BlackTeam "SG Schönbuch"]

1. e4 g6 2. d4 Bg7 3. c4 d6 4. Nc3 Nf6 5. f3 Nbd7 6. Be3 e5 7. d5 Nb6 8. Bd3 c6
9. Qd2 cxd5 10. cxd5 O-O 11. Nge2 Ne8 12. g4 f5 13. gxf5 gxf5 14. Bg5 Bf6 15.
Rg1 Ng7 16. exf5 Bxg5 17. Rxg5 Bxf5 18. Ne4 Kh8 19. O-O-O Nxd5 20. Bc2 Be6 21.
Rxg7 Kxg7 22. Rg1+ Kh8 23. Qh6 Qe7 24. Rg6 Bf5 25. Rxd6 Rad8 26. N2g3 Rxd6 27.
Nxd6 Bxc2 28. Kxc2 Rf6 29. Qd2 Qxd6 0-1

[Event "Int. Stuttgarter Stadtmeisterschaft A"]
[Site "Ditzingen"]
[Date "2013.05.09"]
[Round "2.35"]
[White "Gentner, Markus"]
[Black "Heeke, Guido"]
[Result "1-0"]
[WhiteElo "2028"]
[BlackElo "1908"]
[PlyCount "65"]
[EventDate "2013.??.??"]
[WhiteTeam "SC Murrhardt 1948 e.V."]
[BlackTeam "SV Letmathe 1933 e.V."]

1. Nf3 g6 2. c4 Bg7 3. Nc3 f5 4. g3 Nf6 5. Bg2 O-O 6. O-O d6 7. d4 Qe8 8. Re1
h6 9. h3 g5 10. Nh2 c6 11. b3 Qf7 12. Bb2 Bd7 13. Qd2 Na6 14. a3 e5 15. dxe5
dxe5 16. Rad1 Kh8 17. e3 Be6 18. Nf3 Nd7 19. Na4 g4 20. Nh4 Rad8 21. hxg4 fxg4
22. Qc2 Kg8 23. Be4 Bf6 24. Nf5 Bxf5 25. Bxf5 Ndc5 26. Nxc5 Nxc5 27. b4 Ne6 28.
Bxe6 Qxe6 29. Qg6+ Kh8 30. Qxh6+ Kg8 31. Qg6+ Kh8 32. Rxd8 Rxd8 33. Kg2 1-0

[Event "Int. Stuttgarter Stadtmeisterschaft A"]
[Site "Ditzingen"]
[Date "2013.05.09"]
[Round "2.37"]
[White "Gheng, Simona"]
[Black "Speicher, Franz"]
[Result "1/2-1/2"]
[WhiteElo "2025"]
[BlackElo "1898"]
[PlyCount "115"]
[EventDate "2013.??.??"]
[WhiteTeam "TSV Schönaich"]
[BlackTeam "SV Dicker Turm Esslingen"]

1. e4 c6 2. d4 d5 3. exd5 cxd5 4. Nf3 Bg4 5. c3 Qc7 6. h3 Bh5 7. Qa4+ Nc6 8.
Ne5 f6 9. Nxc6 bxc6 10. Bd3 e6 11. O-O Bg6 12. Qc2 Bxd3 13. Qxd3 Bd6 14. Re1
Kf7 15. c4 Bb4 16. Nc3 Ne7 17. Bd2 Bxc3 18. Bxc3 dxc4 19. Qxc4 Nd5 20. Rac1
Rab8 21. Rc2 Qb6 22. Qe2 Rhe8 23. Qh5+ Kg8 24. Qg4 f5 25. Qf3 Nxc3 26. Qxc3 Qb4
27. Qxb4 Rxb4 28. Rxc6 Rxb2 29. Ra6 Rd2 30. Rxa7 Rxd4 31. Rc1 Kh8 32. Rcc7 Rg8
33. Re7 Rd1+ 34. Kh2 Re1 35. Kg3 h6 36. f3 Kh7 37. Ra6 Rc8 38. Raxe6 Rxe6 39.
Rxe6 Ra8 40. Re2 g5 41. h4 Kg6 42. hxg5 hxg5 43. Kf2 f4 44. Rb2 Kh5 45. g3
fxg3+ 46. Kxg3 Ra4 47. Rf2 Ra3 48. Kg2 Ra4 49. Kh3 Ra3 50. Kh2 Kg6 51. Kg3 Kh5
52. Rb2 Kg6 53. Kg2 Kf5 54. Kg3 Kg6 55. Rb6+ Kf5 56. Rb5+ Kg6 57. Kg4 Ra4+ 58.
Kg3 1/2-1/2

[Event "Int. Stuttgarter Stadtmeisterschaft A"]
[Site "Ditzingen"]
[Date "2013.05.09"]
[Round "2.38"]
[White "Schuster, Gerhard"]
[Black "Giricz, Thomas"]
[Result "1-0"]
[WhiteElo "2017"]
[BlackElo "1875"]
[PlyCount "71"]
[EventDate "2013.??.??"]
[WhiteTeam "SC Feuerbach e. V."]
[BlackTeam "VfL Sindelfingen"]

1. e4 c5 2. Nf3 e6 3. c3 d5 4. exd5 exd5 5. d4 Nf6 6. Bg5 c4 7. b3 cxb3 8. axb3
Be7 9. Bd3 O-O 10. O-O Nc6 11. Nbd2 Qc7 12. Qc2 h6 13. Bh4 Bg4 14. Bf5 Qf4 15.
Bxg4 Qxg4 16. Rfe1 a6 17. Bg3 Rac8 18. Qd3 Nh5 19. Ne5 Nxe5 20. Rxe5 Nxg3 21.
Rxe7 Nh5 22. Rxb7 Nf4 23. Qf3 Qxf3 24. Nxf3 Rxc3 25. h4 Re8 26. Rxa6 Re2 27.
Ra8+ Kh7 28. Rxf7 Nd3 29. Raa7 Rxb3 30. Rxg7+ Kh8 31. Rgd7 Rb8 32. Rd6 Nxf2 33.
Rxh6+ Kg8 34. Rg6+ Kh8 35. Ng5 Rc2 36. Rh7# 1-0

[Event "Int. Stuttgarter Stadtmeisterschaft A"]
[Site "Ditzingen"]
[Date "2013.05.09"]
[Round "2.39"]
[White "Tran, Thanh Kien"]
[Black "Altimira, Jordi"]
[Result "1-0"]
[WhiteElo "1977"]
[BlackElo "1872"]
[PlyCount "61"]
[EventDate "2013.??.??"]
[WhiteTeam "VLK Lampertheim"]
[BlackTeam "SV Rottweil"]

1. d4 Nf6 2. Nf3 d5 3. c4 c6 4. Nc3 e6 5. cxd5 cxd5 6. Bf4 Bd6 7. Bxd6 Qxd6 8.
e3 O-O 9. Ne5 a6 10. Bd3 Bd7 11. O-O Nc6 12. Nxd7 Nxd7 13. Rc1 Rac8 14. Na4 Ne7
15. Qd2 b5 16. Nc3 Rc6 17. a4 b4 18. Na2 a5 19. Bb5 Rxc1 20. Nxc1 Nb6 21. Nb3
Nc4 22. Bxc4 dxc4 23. Nxa5 c3 24. bxc3 Qd5 25. cxb4 Nc8 26. b5 Nb6 27. Nc6 Re8
28. Qb4 Qd7 29. a5 Nd5 30. Qc5 Rc8 31. e4 1-0

[Event "Int. Stuttgarter Stadtmeisterschaft A"]
[Site "Ditzingen"]
[Date "2013.05.09"]
[Round "2.40"]
[White "Wezel, Sebastian"]
[Black "Ackermann, Hermann"]
[Result "0-1"]
[WhiteElo "1848"]
[BlackElo "1973"]
[Annotator "Microsoft"]
[PlyCount "47"]
[EventDate "2013.??.??"]
[WhiteTeam "SV Dettingen Erms"]
[BlackTeam "SC Pforzheim 1906"]

1. e4 d6 2. d4 Nf6 3. Nc3 Nbd7 4. Nf3 e5 5. Bc4 h6 6. dxe5 dxe5 7. Bxf7+ Kxf7
8. Nxe5+ Kg8 9. Ng6 Rh7 10. O-O Qe8 11. Nxf8 Qxf8 12. f4 Qc5+ 13. Kh1 Nb6 14.
Qd8+ Kf7 15. Qd3 Ng4 16. Qf3 Bd7 17. h3 h5 18. a3 a5 19. Rb1 Bb5 20. b4 axb4
21. axb4 Qc4 22. Re1 Nf2+ 23. Kg1 Nd3 24. cxd3 {Nun schlug ein schwarzer Turm
auf d3. Wie dieser dort hin gelangte, ist nicht rekonstruierbar. Schwarz
gewann nach 29 Zügen.} 0-1

[Event "Int. Stuttgarter Stadtmeisterschaft A"]
[Site "Ditzingen"]
[Date "2013.05.09"]
[Round "2.41"]
[White "Probst, Alexander"]
[Black "Grünert, Thomas"]
[Result "1/2-1/2"]
[WhiteElo "1972"]
[BlackElo "1871"]
[PlyCount "75"]
[EventDate "2013.??.??"]
[WhiteTeam "SC Blauer Turm Bad Wimpfen"]
[BlackTeam "SF Illingen"]

1. e4 c5 2. Nf3 e6 3. Bb5 a6 4. Be2 Nc6 5. O-O Nge7 6. b3 d5 7. exd5 Nxd5 8.
Bb2 Nf4 9. Re1 Bd6 10. Nc3 O-O 11. Ne4 Be7 12. Bf1 f5 13. Ng3 Bf6 14. Ne5 Nxe5
15. Bxe5 Ng6 16. Bc3 Bd7 17. Bc4 Nf4 18. Qf3 Bxc3 19. dxc3 Qc7 20. Ne2 Ng6 21.
Ng3 Nf4 22. Nh5 Nxh5 23. Qxh5 Rf6 24. Qg5 b5 25. Bf1 Raf8 26. Rad1 Bc8 27. Qd2
Qa5 28. a4 Bb7 29. Qd7 Be4 30. axb5 axb5 31. Qd2 Qb6 32. f3 c4+ 33. Kh1 Bd5 34.
bxc4 bxc4 35. Rb1 Qc6 36. Qd4 Rg6 37. Be2 Rh6 38. Qb6 1/2-1/2

[Event "Int. Stuttgarter Stadtmeisterschaft A"]
[Site "Ditzingen"]
[Date "2013.05.09"]
[Round "2.42"]
[White "Frederiksen Kristian, Pade"]
[Black "Capelja, Christian"]
[Result "1/2-1/2"]
[WhiteElo "1843"]
[BlackElo "1969"]
[PlyCount "43"]
[EventDate "2013.??.??"]
[BlackTeam "SpVgg Rommelshausen"]

1. d4 d5 2. c4 c6 3. Nc3 Nf6 4. Nf3 dxc4 5. a4 Bf5 6. e3 e6 7. Bxc4 Bb4 8. O-O
O-O 9. Nh4 Bg4 10. f3 Bh5 11. g4 Nd5 12. Ng2 Bg6 13. Ne2 a5 14. e4 Nb6 15. Bb3
Na6 16. h4 h6 17. g5 hxg5 18. Bxg5 Be7 19. Bxe7 Qxe7 20. Nef4 Bh7 21. Qe1 Qb4
22. Qxb4 1/2-1/2

[Event "Int. Stuttgarter Stadtmeisterschaft A"]
[Site "Ditzingen"]
[Date "2013.05.09"]
[Round "2.43"]
[White "Zorn, Nico"]
[Black "Sand, Rolf"]
[Result "1/2-1/2"]
[WhiteElo "1837"]
[BlackElo "1963"]
[PlyCount "49"]
[EventDate "2013.??.??"]
[WhiteTeam "SC Laufenburg"]
[BlackTeam "SV Tübingen 1870 e.V."]

1. c4 c5 2. Nc3 Nc6 3. g3 g6 4. Bg2 Bg7 5. Nf3 e6 6. O-O Nge7 7. e3 O-O 8. d4
cxd4 9. Nxd4 d5 10. cxd5 Nxd4 11. exd4 Nxd5 12. Nxd5 exd5 13. b3 Bf5 14. Re1
Qd7 15. Ba3 Rfe8 16. Qd2 Be4 17. f3 Bf5 18. Rac1 h5 19. Rxe8+ Rxe8 20. Kf2 Kh7
21. Rc3 Rc8 22. Bc1 Rc6 23. Bf1 Qc8 24. Bb2 Kg8 25. Bb5 1/2-1/2

[Event "Int. Stuttgarter Stadtmeisterschaft A"]
[Site "Ditzingen"]
[Date "2013.05.09"]
[Round "2.44"]
[White "Ast, Bernhard"]
[Black "Schömbs, Oliver"]
[Result "1-0"]
[WhiteElo "1962"]
[BlackElo "1870"]
[PlyCount "163"]
[EventDate "2013.??.??"]
[WhiteTeam "SC Iffezheim"]
[BlackTeam "SC Ingersheim e.V."]

1. d4 Nf6 2. Bg5 Ne4 3. Bf4 c5 4. f3 Qa5+ 5. c3 Nf6 6. d5 d6 7. e4 Qb6 8. Qb3
Nbd7 9. Qxb6 Nxb6 10. Na3 a6 11. O-O-O g6 12. Bd3 Bg7 13. Ne2 O-O 14. g4 Bd7
15. Ng3 Rfc8 16. h4 c4 17. Be2 Ba4 18. Rdg1 Nbd7 19. Nxc4 Bb5 20. Nd2 Bxe2 21.
Nxe2 Nc5 22. Kc2 Nfd7 23. h5 b5 24. hxg6 hxg6 25. Bh6 Bh8 26. Be3 Rc7 27. Rh3
Rac8 28. Rgh1 Bg7 29. Bd4 Bxd4 30. Nxd4 Nf8 31. Nc6 Kg7 32. f4 Nb7 33. Nf3 Nd8
34. Nfd4 Nxc6 35. Nxc6 Re8 36. f5 e6 37. Kd3 exd5 38. exd5 Nd7 39. Rh7+ Kf6 40.
fxg6 fxg6 41. Rf1+ Kg5 42. Kd2 Re4 43. Nd4 Rb7 44. Rff7 Nf6 45. Rxb7 Nxh7 46.
Rxh7 Rxg4 47. Rd7 Rg2+ 48. Ne2 Kf5 49. Rxd6 Ke5 50. Rd8 g5 51. d6 g4 52. Ke3
Rh2 53. d7 Rh3+ 54. Kf2 Ke6 55. Rg8 Kxd7 56. Rxg4 Rh6 57. Nf4 Rd6 58. Ke3 Kc7
59. Rg7+ Kb8 60. Rg6 Rd1 61. Rxa6 Kb7 62. Rg6 Rb1 63. Nd3 Rh1 64. Kd4 Rh5 65.
Nc5+ Kc7 66. Ne6+ Kd7 67. Nf4 Rf5 68. Ke4 Rc5 69. Nd3 Rh5 70. Ne5+ Kc7 71. Kd5
Kb7 72. Re6 Rh2 73. Kc5 Rh7 74. Kxb5 Rg7 75. c4 Kc8 76. b4 Rb7+ 77. Kc5 Rh7 78.
b5 Kb7 79. a4 Rc7+ 80. Nc6 Kc8 81. Re8+ Kd7 82. Re7+ 1-0

[Event "Int. Stuttgarter Stadtmeisterschaft A"]
[Site "Ditzingen"]
[Date "2013.05.09"]
[Round "2.45"]
[White "Helmich, Jörg"]
[Black "Steinhart, Christoph"]
[Result "0-1"]
[WhiteElo "1803"]
[BlackElo "1961"]
[PlyCount "64"]
[EventDate "2013.??.??"]
[WhiteTeam "Regensb. Turnerschaft"]
[BlackTeam "TSV Schönaich"]

1. d4 Nf6 2. c4 e6 3. g3 Bb4+ 4. Bd2 c5 5. Bxb4 cxb4 6. Bg2 O-O 7. Nf3 d6 8.
O-O Qc7 9. Nbd2 e5 10. e4 Bg4 11. d5 Na6 12. h3 Bh5 13. g4 Bg6 14. Nh4 Nc5 15.
Nxg6 hxg6 16. Qc2 a5 17. a3 bxa3 18. Rxa3 Na6 19. Rfa1 Nb4 20. Qc3 b6 21. Nb3
Nd7 22. Rc1 f5 23. Na1 Nc5 24. f3 Ncd3 25. Rd1 Qc5+ 26. Kh2 Nf4 27. Nb3 Qf2 28.
Rd2 Qh4 29. Ra1 Kf7 30. Rh1 Rh8 31. Kg1 Qg3 32. Kf1 Nbd3 0-1

[Event "Int. Stuttgarter Stadtmeisterschaft A"]
[Site "Ditzingen"]
[Date "2013.05.09"]
[Round "2.46"]
[White "Weber, Sandra"]
[Black "Klaus, Dominik"]
[Result "1/2-1/2"]
[WhiteElo "1766"]
[BlackElo "1880"]
[PlyCount "84"]
[EventDate "2013.??.??"]
[WhiteTeam "SC Neckarsulm e.V."]
[BlackTeam "Ssg Fils-Lauter e. V."]

1. e4 c5 2. Nf3 d6 3. d4 cxd4 4. Nxd4 Nf6 5. Nc3 a6 6. Be2 e5 7. Nb3 Be7 8. O-O
O-O 9. Kh1 Qc7 10. f4 exf4 11. Bxf4 Nbd7 12. Nd5 Nxd5 13. exd5 Bf6 14. c3 Ne5
15. Nd2 Ng6 16. Ne4 Be7 17. Bg3 f5 18. Nd2 f4 19. Bf2 Bf6 20. Ne4 Be5 21. Bf3
Qe7 22. Nd2 Nh4 23. Be4 Nf5 24. Nc4 Bd7 25. Nb6 Rae8 26. Nxd7 Qxd7 27. Qd3 g6
28. Rae1 Qg7 29. Qh3 Qf6 30. Bb6 Qg5 31. Bxf5 Rxf5 32. Qf3 Qh6 33. Bd4 Rh5 34.
h3 Qf8 35. Bxe5 Rhxe5 36. Rxe5 dxe5 37. c4 g5 38. Qe4 Qf6 39. c5 Qg6 40. Qc4 e4
41. Re1 e3 42. c6 bxc6 1/2-1/2

[Event "Int. Stuttgarter Stadtmeisterschaft A"]
[Site "Ditzingen"]
[Date "2013.05.09"]
[Round "2.47"]
[White "Kaplunov, Vadym"]
[Black "Mayer, Dietmar"]
[Result "1-0"]
[WhiteElo "1953"]
[BlackElo "1802"]
[PlyCount "87"]
[EventDate "2013.??.??"]
[WhiteTeam "Stuttgarter SF 1879"]
[BlackTeam "SC Böblingen 1975 e.V."]

1. d4 Nf6 2. c4 c5 3. d5 b5 4. cxb5 a6 5. bxa6 g6 6. Nc3 Bxa6 7. g3 d6 8. Bg2
Bg7 9. Rb1 Nbd7 10. b3 Qa5 11. Bd2 Qa3 12. Qc2 O-O 13. Rb2 Rfb8 14. Nb1 Bd3 15.
exd3 Qa6 16. Nc3 Ne5 17. Bf1 Qb7 18. f4 Ned7 19. Bg2 e6 20. Rb1 Nb6 21. Nge2
exd5 22. O-O Qd7 23. h3 Ra7 24. a4 Re8 25. Rbe1 c4 26. dxc4 dxc4 27. a5 Rxa5
28. b4 Rh5 29. f5 Rxf5 30. Rxf5 gxf5 31. Nf4 Rxe1+ 32. Bxe1 d5 33. Bf2 d4 34.
Nd1 d3 35. Qd2 Nfd5 36. Bc5 Nxf4 37. Qxf4 Qe6 38. Qb8+ Nc8 39. Bb7 Qe1+ 40. Kg2
Qe2+ 41. Nf2 h6 42. Qxc8+ Kh7 43. Qxf5+ Kg8 44. Qc8+ 1-0

[Event "Int. Stuttgarter Stadtmeisterschaft A"]
[Site "Ditzingen"]
[Date "2013.05.10"]
[Round "3.1"]
[White "Ikonnikov, Vyacheslav"]
[Black "Gheng, Josef"]
[Result "1-0"]
[WhiteElo "2533"]
[BlackElo "2311"]
[PlyCount "65"]
[EventDate "2013.??.??"]
[WhiteTeam "SF Bad Mergentheim"]
[BlackTeam "SC Erdmannhausen"]

1. d4 Nf6 2. c4 g6 3. Nc3 d5 4. cxd5 Nxd5 5. e4 Nxc3 6. bxc3 Bg7 7. Be3 c5 8.
Qd2 Qa5 9. Rc1 O-O 10. Nf3 Bg4 11. Ng5 b5 12. h3 Bd7 13. Be2 Rd8 14. Nf3 Be8
15. d5 Nd7 16. O-O Rac8 17. Bg5 f6 18. Be3 c4 19. Qc2 Nc5 20. Bxc5 Rxc5 21. Nd4
Bd7 22. Bg4 f5 23. exf5 h5 24. f6 hxg4 25. Qxg6 exf6 26. Rce1 Kf8 27. Ne6+ Bxe6
28. dxe6 Rc7 29. e7+ Rxe7 30. Rxe7 Kxe7 31. Qxg7+ Kd6 32. Rd1+ Ke6 33. Re1+ 1-0

[Event "Int. Stuttgarter Stadtmeisterschaft A"]
[Site "Ditzingen"]
[Date "2013.05.10"]
[Round "3.2"]
[White "Englert, Fabian"]
[Black "Dgebuadze, Alexandre"]
[Result "1/2-1/2"]
[WhiteElo "2244"]
[BlackElo "2528"]
[PlyCount "50"]
[EventDate "2013.??.??"]
[WhiteTeam "SK 1982 Klingenberg/Main"]
[BlackTeam "SC 1950 Remagen"]

1. e4 e6 2. d4 d5 3. Nc3 Bb4 4. exd5 exd5 5. Bd3 Nc6 6. a3 Ba5 7. Nge2 Bg4 8.
Be3 Bxc3+ 9. bxc3 Nge7 10. O-O O-O 11. f3 Bf5 12. Ng3 Bg6 13. f4 f5 14. a4 Kh8
15. Kh1 Na5 16. Bc1 Ng8 17. Ba3 Rf7 18. Re1 Nc4 19. Bxc4 dxc4 20. Qe2 Qh4 21.
Qxc4 Qxf4 22. Ne2 Qh4 23. Ng1 Nf6 24. Nf3 Qh5 25. Kg1 Rd7 1/2-1/2

[Event "Int. Stuttgarter Stadtmeisterschaft A"]
[Site "Ditzingen"]
[Date "2013.05.10"]
[Round "3.3"]
[White "Karpatchev, Aleksandr"]
[Black "Kvetny, Mark"]
[Result "1-0"]
[WhiteElo "2488"]
[BlackElo "2269"]
[PlyCount "110"]
[EventDate "2013.??.??"]
[WhiteTeam "SF Bad Mergentheim"]
[BlackTeam "Stuttgarter SF 1879"]

1. e4 c5 2. c3 d5 3. exd5 Qxd5 4. Nf3 Nc6 5. d4 g6 6. Na3 Bg4 7. Be2 cxd4 8.
cxd4 Bg7 9. O-O Nf6 10. Nb5 Rc8 11. Nc3 Qd8 12. d5 Bxf3 13. Bxf3 Ne5 14. Be2
O-O 15. Qb3 b6 16. Bf4 Ned7 17. Qa3 Nc5 18. Rad1 Qd7 19. Rfe1 Rfd8 20. d6 exd6
21. Bxd6 Qf5 22. Bxc5 bxc5 23. Qxa7 Ne4 24. Nxe4 Qxe4 25. Bf3 Rxd1 26. Rxd1 Qc2
27. Qd7 Rb8 28. b3 Bd4 29. Rf1 Qxa2 30. Bd5 Rf8 31. b4 Qb2 32. b5 Kg7 33. g3 h5
34. Kg2 Qb4 35. Bc6 Qb2 36. Qd5 Rh8 37. h4 Rf8 38. Qf3 c4 39. Qd5 Qc3 40. Rd1
Bb6 41. Qg5 Qc2 42. Rd2 Qc1 43. Qe5+ Kg8 44. Rd7 Qc2 45. Qf6 Qf5 46. Qxf5 gxf5
47. Bd5 c3 48. Bb3 Kg7 49. Kf3 Rd8 50. Rxf7+ Kg6 51. Re7 Rd3+ 52. Kf4 Bxf2 53.
Re6+ Kg7 54. b6 Bxg3+ 55. Kxf5 Rd6 {usw.} 1-0

[Event "Int. Stuttgarter Stadtmeisterschaft A"]
[Site "Ditzingen"]
[Date "2013.05.10"]
[Round "3.5"]
[White "Manakov, Ilya"]
[Black "Wenninger, Philipp"]
[Result "1-0"]
[WhiteElo "2350"]
[BlackElo "2220"]
[PlyCount "97"]
[EventDate "2013.??.??"]
[WhiteTeam "SC Erdmannhausen"]
[BlackTeam "SC Erlangen 48/88 e.V."]

1. c4 c6 2. Nf3 d5 3. b3 Nf6 4. Bb2 Bg4 5. e3 Nbd7 6. Be2 e6 7. h3 Bh5 8. d3
Bb4+ 9. Nbd2 Bxf3 10. gxf3 dxc4 11. bxc4 Nc5 12. a3 Ba5 13. Qc2 Qd6 14. Rd1 e5
15. Kf1 O-O 16. Rg1 Qe6 17. Rg5 Qxh3+ 18. Kg1 Qh6 19. Rg3 Nh5 20. Rg2 Rfe8 21.
Rh2 Bc7 22. f4 g6 23. Kh1 exf4 24. Rxh5 gxh5 25. Rg1+ Kf8 26. Bg7+ Qxg7 27.
Rxg7 Kxg7 28. Qb2+ f6 29. d4 fxe3 30. fxe3 Rxe3 31. Nf1 Rb3 32. Qc2 Rxa3 33.
Qf5 Rb3 34. Qxc5 Rg8 35. Qe7+ Kh6 36. Qxc7 Rh3+ 37. Nh2 Rhg3 38. Qf4+ R8g5 39.
Qxf6+ Rg6 40. Qf8+ Rg7 41. Qf4+ R7g5 42. Qf6+ Rg6 43. Ng4+ R3xg4 44. Qf8+ Kg5
45. Qe7+ Kh6 46. Bxg4 hxg4 47. d5 b5 48. d6 bxc4 49. d7 1-0

[Event "Int. Stuttgarter Stadtmeisterschaft A"]
[Site "Ditzingen"]
[Date "2013.05.10"]
[Round "3.6"]
[White "Tuncer, Ufuk"]
[Black "Vaysberg, Alexander"]
[Result "1-0"]
[WhiteElo "2328"]
[BlackElo "2202"]
[PlyCount "83"]
[EventDate "2013.??.??"]
[WhiteTeam "SC Bad Königshofen 1957"]
[BlackTeam "SG Ludwigsburg 1919"]

1. e4 c5 2. Nf3 e6 3. d4 cxd4 4. Nxd4 a6 5. Bd3 Bc5 6. Nb3 Ba7 7. Nc3 Nc6 8.
Qe2 Nge7 9. Be3 Bxe3 10. Qxe3 Qc7 11. Qg3 Qxg3 12. hxg3 d6 13. O-O-O Bd7 14. f4
O-O-O 15. Be2 Kc7 16. Bf3 Bc8 17. g4 h6 18. a3 b5 19. Rhe1 Bb7 20. Re3 Nc8 21.
Be2 Nb6 22. Rh3 Nc8 23. Rd2 N6e7 24. Rh1 Kb6 25. Rhd1 Rd7 26. Bf3 Rhd8 27. a4
Nc6 28. axb5 axb5 29. Kb1 Na5 30. Nxa5 Kxa5 31. Ne2 Nb6 32. Rd3 b4 33. Nc1 Bc6
34. Nb3+ Ka6 35. Rd4 Kb7 36. Rxb4 Kc7 37. Rd3 Ra8 38. Nd4 Ra5 39. Rdb3 Nc8 40.
Nxc6 Kxc6 41. e5+ Kc5 42. Rb8 1-0

[Event "Int. Stuttgarter Stadtmeisterschaft A"]
[Site "Ditzingen"]
[Date "2013.05.10"]
[Round "3.7"]
[White "Aring, Gerd"]
[Black "Raupp, Thomas"]
[Result "1-0"]
[WhiteElo "2196"]
[BlackElo "2325"]
[PlyCount "107"]
[EventDate "2013.??.??"]
[WhiteTeam "SV Nürtingen 1920"]
[BlackTeam "SC Eppingen"]

1. d4 d5 2. Nf3 Nf6 3. c4 c6 4. Nc3 a6 5. a4 e6 6. Bg5 Nbd7 7. cxd5 exd5 8. e3
a5 9. Bd3 Be7 10. Qc2 O-O 11. O-O Re8 12. Rfe1 Nf8 13. Ne5 Ng4 14. Bxe7 Rxe7
15. Nxg4 Bxg4 16. f3 Bh5 17. Qf2 Qd6 18. e4 dxe4 19. Nxe4 Qb4 20. Nc3 Rd7 21.
Rad1 Rad8 22. d5 cxd5 23. Bf5 Rd6 24. Rd4 Qc5 25. Red1 Ne6 26. Bxe6 fxe6 27.
Ne4 Qc6 28. Nxd6 Qxd6 29. Qg3 Qxg3 30. hxg3 Rc8 31. b4 b6 32. bxa5 bxa5 33. Rb1
Be8 34. Rb7 e5 35. Rg4 g6 36. Re7 d4 37. Rxe5 Rd8 38. Ree4 Bxa4 39. Rxd4 Rxd4
40. Rxd4 Bb3 41. Rd7 a4 42. Ra7 h5 43. Kf2 Kf8 44. Ke3 Ke8 45. Kd4 Kf8 46. Ke5
Ke8 47. Kf6 Bc2 48. Rc7 Bd3 49. Re7+ Kd8 50. Re3 Bb1 51. Ra3 Bc2 52. Rc3 Bb1
53. Rc1 Bf5 54. Rc4 1-0

[Event "Int. Stuttgarter Stadtmeisterschaft A"]
[Site "Ditzingen"]
[Date "2013.05.10"]
[Round "3.8"]
[White "Krockenberger, Martin"]
[Black "Melzner, Lukas"]
[Result "1/2-1/2"]
[WhiteElo "2180"]
[BlackElo "2189"]
[PlyCount "103"]
[EventDate "2013.??.??"]
[WhiteTeam "SK Schmiden/Cannstatt"]
[BlackTeam "SK Klosterlechfeld"]

1. c4 e6 2. g3 Nf6 3. Bg2 d5 4. Nf3 Be7 5. O-O O-O 6. b3 b6 7. Bb2 Bb7 8. d3 c5
9. e3 Nc6 10. Qe2 Qc7 11. Nc3 Rad8 12. Rfd1 Rfe8 13. Rac1 Qb8 14. Qf1 Bf8 15.
cxd5 Nxd5 16. Nxd5 Rxd5 17. d4 Nb4 18. Ne5 Ba6 19. Qe1 Rxe5 20. dxe5 Nd3 21.
Qc3 Nxc1 22. Qxc1 Rd8 23. h4 Qc7 24. Rxd8 Qxd8 25. Be4 Qd7 26. Qc2 h6 27. Bc3
Bb7 28. Bxb7 Qxb7 29. e4 Qd7 30. f3 Be7 31. Kf2 Kf8 32. Ke2 Ke8 33. Qd3 b5 34.
Qxd7+ Kxd7 35. Kd3 h5 36. f4 Kc6 37. Be1 Bd8 38. Bc3 Bb6 39. Be1 g6 40. Kc2 b4
41. Bf2 a5 42. Be1 Kb5 43. Bf2 a4 44. Kd3 c4+ 45. bxc4+ Kc6 46. Be1 Bc5 47. Kc2
Bg1 48. Bxb4 Bf2 49. Be7 Bxg3 50. Bg5 Kc5 51. Kd3 Be1 52. Be7+ 1/2-1/2

[Event "Int. Stuttgarter Stadtmeisterschaft A"]
[Site "Ditzingen"]
[Date "2013.05.10"]
[Round "3.9"]
[White "Gutman, Lev"]
[Black "Andraschko, Felix"]
[Result "1/2-1/2"]
[WhiteElo "2467"]
[BlackElo "2128"]
[PlyCount "81"]
[EventDate "2013.??.??"]
[WhiteTeam "SV Lingen"]
[BlackTeam "SK Landau"]

1. Nf3 c5 2. g3 Nc6 3. d4 cxd4 4. Nxd4 g6 5. Bg2 Bg7 6. Nxc6 bxc6 7. O-O Nf6 8.
e4 Qc7 9. Nd2 O-O 10. Nb3 a5 11. a4 d6 12. Bd2 Ng4 13. h3 Ne5 14. Bc3 Be6 15.
Nd4 Bc8 16. Re1 Nd7 17. Qd2 Nc5 18. Red1 Rd8 19. Nb3 Nxb3 20. cxb3 Be6 21. Bxg7
Kxg7 22. b4 axb4 23. Qxb4 Rdb8 24. Qc3+ Kg8 25. e5 Rb3 26. exd6 exd6 27. Qxc6
Qxc6 28. Bxc6 Ra6 29. Bb5 Ra5 30. Rac1 Rxb2 31. Rxd6 Bxh3 32. Rc7 Be6 33. Rd4
Rb3 34. g4 Rbxb5 35. axb5 Rxb5 36. Kg2 h5 37. gxh5 Rxh5 38. Kf3 Rf5+ 39. Ke3
Rh5 40. Re4 Ra5 41. Rd4 1/2-1/2